Thinking Like a Political Scientist <a> Practical Guide to Research Methods

Salvato in:
Dettagli Bibliografici
Autore principale: Howard, Christopher
Natura: Libro
Lingua:inglese
Pubblicazione: Chicago <The> University of Chicago Press 2017
Soggetti:
Tags: Aggiungi Tag
Nessun Tag, puoi essere il primo ad aggiungerne!!

MARC

LEADER 00000nam a2200000 4500
001 0242415
005 20240221113248.5
020 |a 978-0-226-32754-9 
020 |a 978-0-226-32740-2 
041 0 |a eng 
044 |a US 
245 1 0 |a Thinking Like a Political Scientist  |b <a> Practical Guide to Research Methods  |c Christopher Howard 
264 1 |a Chicago  |b <The> University of Chicago Press  |c 2017 
300 |a 227 s. 
610 2 0 |a politológia 
610 2 0 |a vzťahy medzinárodné 
610 2 0 |a politika medzinárodná 
610 2 0 |a politika verejná 
610 2 0 |a výskum 
610 2 0 |a metodológia 
100 1 |a Howard, Christopher